Normal view MARC view
  • Atkins, B. T. S.

Entry Personal Name

Number of records used in: 1

001 - CONTROL NUMBER

  • control field: 41010

003 - CONTROL NUMBER IDENTIFIER

  • control field: OSt

005 - DATE AND TIME OF LATEST TRANSACTION

  • control field: 20160904150856.0

008 - FIXED-LENGTH DATA ELEMENTS

  • fixed length control field: 160904|| aca||aabn | a|a d

040 ## - CATALOGING SOURCE

  • Original cataloging agency: OSt

100 1# - HEADING--PERSONAL NAME

  • Personal name: Atkins, B. T. S.
  • Fuller form of name: (Beryl T. Sue)

400 1# - SEE FROM TRACING--PERSONAL NAME

  • Personal name: Atkins, Beryl T. Sue

400 1# - SEE FROM TRACING--PERSONAL NAME

  • Personal name: Atkins, Sue
  • Fuller form of name: (Beryl T. Sue)

400 1# - SEE FROM TRACING--PERSONAL NAME

  • Personal name: Atkins, Beryl